Work in a changing industrial society : Final report on an international conference convened
Wedi'i Gadw mewn:
| Fformat: | Llyfr |
|---|---|
| Iaith: | Undetermined |
| Cyhoeddwyd: |
Paris
Organisation for Economic Co-operation and Development
1975
|
| Pynciau: | |
| Tagiau: |
Ychwanegu Tag
Dim Tagiau, Byddwch y cyntaf i dagio'r cofnod hwn!
|
| Thư viện lưu trữ: | Trung tâm Học liệu Trường Đại học Cần Thơ |
|---|
| LEADER | 00628nam a2200181Ia 4500 | ||
|---|---|---|---|
| 001 | CTU_81283 | ||
| 008 | 210402s9999 xx 000 0 und d | ||
| 082 | |a 301.5 | ||
| 082 | |b W919 | ||
| 245 | 0 | |a Work in a changing industrial society : | |
| 245 | 0 | |b Final report on an international conference convened | |
| 245 | 0 | |c Organisation for Economic Co-operation and Development. | |
| 260 | |a Paris | ||
| 260 | |b Organisation for Economic Co-operation and Development | ||
| 260 | |c 1975 | ||
| 650 | |a Industrial organization,Labor,Working class | ||
| 904 | |i Trọng Hải | ||
| 980 | |a Trung tâm Học liệu Trường Đại học Cần Thơ | ||